| 000 | 01531cam a2200361 a 4500 | ||
|---|---|---|---|
| 001 | 14670105 | ||
| 003 | OSt | ||
| 005 | 20150408114151.0 | ||
| 008 | 061214s2007 inuaf 001 0 eng | ||
| 010 | _a 2006101976 | ||
| 015 |
_aGBA6A0312 _2bnb |
||
| 016 | 7 |
_a013612914 _2Uk |
|
| 020 | _a9780470097540 (paper/cdrom) | ||
| 020 | _a047009754X (paper/cdrom) | ||
| 035 | _a(OCoLC)ocm76851515 | ||
| 040 |
_aDLC _cDLC _dUKM _dBAKER _dC#P _dBTCTA _dYDXCP _dDLC |
||
| 050 | 0 | 0 |
_aQA76.76.H94 _bD41873 2007 |
| 082 | 0 | 0 |
_a006.74 _222 _bDVM |
| 100 | 1 |
_aDeBolt, Virginia. _939854 |
|
| 245 | 1 | 0 |
_aMastering integrated HTML and CSS / _cVirginia DeBolt. |
| 246 | 3 | 0 | _aIntegrated HTML and CSS |
| 260 |
_aIndianapolis, Ind. : _bWiley Pub., _cc2007. |
||
| 300 |
_axxii, 600 p., [16] p. of plates : _bill. (some col.) ; _c24 cm. + _e1 CD-ROM (4 3/4 in.) |
||
| 500 | _aIncludes index. | ||
| 650 | 0 | _aHTML (Document markup language) | |
| 650 | 0 |
_aCascading style sheets. _918006 |
|
| 856 | 4 | 1 |
_3Table of contents only _uhttp://www.loc.gov/catdir/toc/ecip076/2006101976.html |
| 856 | 4 | 2 |
_3Publisher description _uhttp://www.loc.gov/catdir/enhancements/fy0741/2006101976-d.html |
| 856 | 4 | 2 |
_3Contributor biographical information _uhttp://www.loc.gov/catdir/enhancements/fy0741/2006101976-b.html |
| 906 |
_a7 _bcbc _corignew _d1 _eecip _f20 _gy-gencatlg |
||
| 942 |
_2ddc _cBOOK |
||
| 999 |
_c32092 _d266592 |
||